Psicoanálisis y marxismo
Shranjeno v:
| Glavni avtor: | |
|---|---|
| Format: | Knjiga |
| Jezik: | španščina |
| Izdano: |
Buenos Aires
Cruz y Fierro
1977
|
| Serija: | Colección Clásicos Católicos Contrarrevolucionarios, 3
|
| Teme: | |
| Oznake: |
Označite
Brez oznak, prvi označite!
|
MARC
| LEADER | 00000nam a2200000 a 4500 | ||
|---|---|---|---|
| 001 | UCX0073 | ||
| 003 | CL-VaPUC | ||
| 008 | 890804e19770000AG |||||||||||||||||spa|d | ||
| 082 | 0 | 4 | |a 150.1952 |b JUG |2 21 |
| 100 | 0 | |a Jugnet, Louis |e author |9 315514 | |
| 245 | 1 | 0 | |a Psicoanálisis y marxismo |
| 300 | |a 140 p | ||
| 942 | |c BK | ||
| 945 | |d 19890804 00:00:00 | ||
| 260 | |a Buenos Aires |b Cruz y Fierro |c 1977 | ||
| 650 | 0 | |a Psicoanálisis |9 265702 | |
| 650 | 7 | |a MARXISMO |2 CL-VaPUC |9 315515 | |
| 650 | 7 | |a MATERIALISMO DIALECTICO |2 CL-VaPUC |9 315449 | |
| 583 | |a last modification |c 19890804 00:00:00 |k Rodrigo Vera | ||
| 490 | 0 | |a Colección Clásicos Católicos Contrarrevolucionarios, 3 | |
| 999 | |c 221834 |d 221832 | ||
| 952 | |0 0 |1 0 |4 0 |6 150_195200000000000_JUG_1977 |7 0 |8 A |9 215775 |a BIBEDU |b BIBEDU |d 2019-11-15 |i 2842165 |l 1 |o 150.1952 JUG 1977 |p 2842165 |r 2022-03-09 |s 2022-03-04 |w 2019-11-15 |y BK |k FIL | ||